<?xml version="1.0" encoding="UTF-8"?>
<record
    xmlns:xsi="http://www.w3.org/2001/XMLSchema-instance"
    xsi:schemaLocation="http://www.loc.gov/MARC21/slim http://www.loc.gov/standards/marcxml/schema/MARC21slim.xsd"
    xmlns="http://www.loc.gov/MARC21/slim">

  <leader>02165nam0a2200433   4500</leader>
  <controlfield tag="001">RU\NLR\BIBL_A\012592216</controlfield>
  <controlfield tag="005">20211124160944.0</controlfield>
  <datafield tag="010" ind1=" " ind2=" ">
    <subfield code="a">978-5-04-116063-0</subfield>
    <subfield code="9">3000</subfield>
  </datafield>
  <datafield tag="021" ind1=" " ind2=" ">
    <subfield code="a">RU</subfield>
    <subfield code="b">&#x41A;&#x41D;-&#x41F;-21-030137</subfield>
    <subfield code="9">&#x41A;&#x41D;-&#x41F;-21-2334</subfield>
  </datafield>
  <datafield tag="035" ind1=" " ind2=" ">
    <subfield code="a">(NLR Aleph) 012592216</subfield>
  </datafield>
  <datafield tag="090" ind1=" " ind2=" ">
    <subfield code="a">12555782</subfield>
    <subfield code="c">12555782</subfield>
  </datafield>
  <datafield tag="100" ind1=" " ind2=" ">
    <subfield code="a">20210907d2021    k  y0rusy50      ca</subfield>
  </datafield>
  <datafield tag="101" ind1="1" ind2=" ">
    <subfield code="a">rus</subfield>
    <subfield code="c">ger</subfield>
  </datafield>
  <datafield tag="102" ind1=" " ind2=" ">
    <subfield code="a">RU</subfield>
  </datafield>
  <datafield tag="105" ind1=" " ind2=" ">
    <subfield code="a">ac||z|||001zy</subfield>
  </datafield>
  <datafield tag="181" ind1=" " ind2="0">
    <subfield code="a">i </subfield>
    <subfield code="b">axxe  </subfield>
  </datafield>
  <datafield tag="182" ind1=" " ind2="0">
    <subfield code="a">n</subfield>
  </datafield>
  <datafield tag="200" ind1="1" ind2=" ">
    <subfield code="a">&#x41D;&#x430;&#x441;&#x442;&#x440;&#x43E;&#x439;&#x43A;&#x430; &#x441;&#x438;&#x441;&#x442;&#x435;&#x43C;&#x44B; &#x442;&#x435;&#x43B;&#x43E; - &#x43C;&#x43E;&#x437;&#x433;</subfield>
    <subfield code="e">[&#x43F;&#x440;&#x43E;&#x441;&#x442;&#x44B;&#x435; &#x443;&#x43F;&#x440;&#x430;&#x436;&#x43D;&#x435;&#x43D;&#x438;&#x44F; &#x434;&#x43B;&#x44F; &#x430;&#x43A;&#x442;&#x438;&#x432;&#x430;&#x446;&#x438;&#x438; &#x431;&#x43B;&#x443;&#x436;&#x434;&#x430;&#x44E;&#x449;&#x435;&#x433;&#x43E; &#x43D;&#x435;&#x440;&#x432;&#x430; &#x43F;&#x440;&#x43E;&#x442;&#x438;&#x432; &#x434;&#x435;&#x43F;&#x440;&#x435;&#x441;&#x441;&#x438;&#x438;, &#x441;&#x442;&#x440;&#x435;&#x441;&#x441;&#x430;, &#x431;&#x43E;&#x43B;&#x435;&#x439; &#x432; &#x442;&#x435;&#x43B;&#x435; &#x438; &#x43F;&#x440;&#x43E;&#x431;&#x43B;&#x435;&#x43C; &#x441; &#x43F;&#x438;&#x449;&#x435;&#x432;&#x430;&#x440;&#x435;&#x43D;&#x438;&#x435;&#x43C;]</subfield>
    <subfield code="f">&#x41B;&#x430;&#x440;&#x441; &#x41B;&#x438;&#x43D;&#x445;&#x430;&#x440;&#x434;, &#x423;&#x43B;&#x43B;&#x430; &#x428;&#x43C;&#x438;&#x434;-&#x424;&#x435;&#x442;&#x446;&#x435;&#x440; &#x438; &#x434;&#x43E;&#x43A;&#x442;&#x43E;&#x440; &#x42D;&#x440;&#x438;&#x43A; &#x41A;&#x43E;&#x431;&#x431;</subfield>
    <subfield code="g">[&#x43F;&#x435;&#x440;&#x435;&#x432;&#x43E;&#x434; &#x441; &#x43D;&#x435;&#x43C;&#x435;&#x446;&#x43A;&#x43E;&#x433;&#x43E; &#x414;.&#x421;. &#x414;&#x438;&#x434;&#x435;&#x43D;&#x43A;&#x43E;]</subfield>
  </datafield>
  <datafield tag="203" ind1=" " ind2=" ">
    <subfield code="a">&#x422;&#x435;&#x43A;&#x441;&#x442;</subfield>
    <subfield code="b">&#x432;&#x438;&#x437;&#x443;&#x430;&#x43B;&#x44C;&#x43D;&#x44B;&#x439;</subfield>
    <subfield code="c">&#x43D;&#x435;&#x43F;&#x43E;&#x441;&#x440;&#x435;&#x434;&#x441;&#x442;&#x432;&#x435;&#x43D;&#x43D;&#x44B;&#x439;</subfield>
  </datafield>
  <datafield tag="210" ind1=" " ind2=" ">
    <subfield code="a">&#x41C;&#x43E;&#x441;&#x43A;&#x432;&#x430;</subfield>
    <subfield code="c">&#x42D;&#x43A;&#x441;&#x43C;&#x43E;</subfield>
    <subfield code="d">2021</subfield>
  </datafield>
  <datafield tag="215" ind1=" " ind2=" ">
    <subfield code="a">318, [2] &#x441;.</subfield>
    <subfield code="c">&#x438;&#x43B;., &#x43F;&#x43E;&#x440;&#x442;&#x440;., &#x442;&#x430;&#x431;&#x43B;.</subfield>
    <subfield code="d">24</subfield>
  </datafield>
  <datafield tag="225" ind1="1" ind2=" ">
    <subfield code="a">&#x420;&#x435;&#x432;&#x43E;&#x43B;&#x44E;&#x446;&#x438;&#x43E;&#x43D;&#x43D;&#x44B;&#x439; &#x442;&#x440;&#x435;&#x43D;&#x434; &#x432; &#x43C;&#x435;&#x434;&#x438;&#x446;&#x438;&#x43D;&#x435;</subfield>
  </datafield>
  <datafield tag="300" ind1=" " ind2=" ">
    <subfield code="a">&#x417;&#x430;&#x433;&#x43B;. &#x438; &#x430;&#x432;&#x442;. &#x442;&#x430;&#x43A;&#x436;&#x435; &#x43D;&#x430; &#x430;&#x43D;&#x433;&#x43B;. &#x44F;&#x437;.: Neuronale heilung / Lars Lienhard, Ulla Schmid-Fetzer, Dr. Eric Cobb</subfield>
  </datafield>
  <datafield tag="300" ind1=" " ind2=" ">
    <subfield code="a">&#x41D;&#x430; 302-&#x439; &#x441;. &#x430;&#x432;&#x442;.: &#x41B;&#x430;&#x440;&#x441; &#x41B;&#x438;&#x43D;&#x445;&#x430;&#x440;&#x434;, &#x423;&#x43B;&#x43B;&#x430; &#x428;&#x43C;&#x438;&#x434;-&#x424;&#x435;&#x442;&#x446;&#x435;&#x440; - &#x43F;&#x440;&#x43E;&#x444;. &#x441;&#x43F;&#x43E;&#x440;&#x442;&#x441;&#x43C;&#x435;&#x43D;&#x44B;, &#x442;&#x440;&#x435;&#x43D;&#x435;&#x440;&#x44B;, &#x434;-&#x440; &#x42D;&#x440;&#x438;&#x43A; &#x41A;&#x43E;&#x431;&#x431;</subfield>
  </datafield>
  <datafield tag="320" ind1=" " ind2=" ">
    <subfield code="a">&#x411;&#x438;&#x431;&#x43B;&#x438;&#x43E;&#x433;&#x440;. &#x432; &#x43F;&#x440;&#x438;&#x43B;.: &#x441;. 304-310</subfield>
  </datafield>
  <datafield tag="320" ind1=" " ind2=" ">
    <subfield code="a">&#x41F;&#x440;&#x435;&#x434;&#x43C;. &#x443;&#x43A;&#x430;&#x437;.: &#x441;. 315-318</subfield>
  </datafield>
  <datafield tag="333" ind1=" " ind2=" ">
    <subfield code="a">12+</subfield>
  </datafield>
  <datafield tag="517" ind1="1" ind2=" ">
    <subfield code="6">z11790</subfield>
    <subfield code="a">Neuronale heilung</subfield>
    <subfield code="z">eng</subfield>
  </datafield>
  <datafield tag="606" ind1="1" ind2=" ">
    <subfield code="a">&#x411;&#x43E;&#x43B;&#x435;&#x437;&#x43D;&#x438;</subfield>
    <subfield code="x">&#x42D;&#x442;&#x438;&#x43E;&#x43B;&#x43E;&#x433;&#x438;&#x44F; &#x438; &#x43F;&#x430;&#x442;&#x43E;&#x433;&#x435;&#x43D;&#x435;&#x437;</subfield>
    <subfield code="x">&#x420;&#x43E;&#x43B;&#x44C; &#x431;&#x43B;&#x443;&#x436;&#x434;&#x430;&#x44E;&#x449;&#x435;&#x433;&#x43E; &#x43D;&#x435;&#x440;&#x432;&#x430;</subfield>
    <subfield code="2">nlr_sh2</subfield>
    <subfield code="3">RU\NLR\AUTH\6601693794</subfield>
  </datafield>
  <datafield tag="686" ind1="1" ind2=" ">
    <subfield code="a">&#x420;252.216.1</subfield>
  </datafield>
  <datafield tag="700" ind1=" " ind2="1">
    <subfield code="a">&#x41B;&#x438;&#x43D;&#x445;&#x430;&#x440;&#x434;</subfield>
    <subfield code="b">&#x41B;.</subfield>
    <subfield code="g">&#x41B;&#x430;&#x440;&#x441;</subfield>
  </datafield>
  <datafield tag="701" ind1=" " ind2="1">
    <subfield code="a">&#x428;&#x43C;&#x438;&#x434;-&#x424;&#x435;&#x442;&#x446;&#x435;&#x440;</subfield>
    <subfield code="b">&#x423;.</subfield>
    <subfield code="g">&#x423;&#x43B;&#x43B;&#x430;</subfield>
    <subfield code="3">RU\NLR\AUTH\770236288</subfield>
  </datafield>
  <datafield tag="701" ind1=" " ind2="1">
    <subfield code="a">&#x41A;&#x43E;&#x431;&#x431;</subfield>
    <subfield code="b">&#x42D;.</subfield>
    <subfield code="g">&#x42D;&#x440;&#x438;&#x43A;</subfield>
  </datafield>
  <datafield tag="790" ind1=" " ind2="1">
    <subfield code="6">z11517</subfield>
    <subfield code="a">Lienhard</subfield>
    <subfield code="b">L.</subfield>
    <subfield code="g">Lars</subfield>
  </datafield>
  <datafield tag="942" ind1=" " ind2=" ">
    <subfield code="c">BOOK</subfield>
  </datafield>
  <datafield tag="980" ind1=" " ind2=" ">
    <subfield code="a">NB</subfield>
  </datafield>
  <datafield tag="995" ind1=" " ind2=" ">
    <subfield code="5">2021-09-07</subfield>
    <subfield code="a">ad</subfield>
    <subfield code="b">NLR01</subfield>
    <subfield code="c">NLR01</subfield>
    <subfield code="e">RF81</subfield>
    <subfield code="f">1-3523245</subfield>
    <subfield code="k">2021-7/5545</subfield>
    <subfield code="o">0</subfield>
    <subfield code="r">BOOK</subfield>
    <subfield code="s">202175545_</subfield>
  </datafield>
  <datafield tag="995" ind1=" " ind2=" ">
    <subfield code="5">2021-09-07</subfield>
    <subfield code="a">ad</subfield>
    <subfield code="b">NLR01</subfield>
    <subfield code="c">NLR01</subfield>
    <subfield code="e">RF81</subfield>
    <subfield code="f">1-3523244</subfield>
    <subfield code="k">2021-7/5545</subfield>
    <subfield code="o">0</subfield>
    <subfield code="r">BOOK</subfield>
    <subfield code="s">202175545_</subfield>
  </datafield>
</record>
